Statistics for Terraria Calamity Mod General Quiz

Click here to take the quiz!

General Stats

  • This quiz has been taken 324 times
  • The average score is 9 of 15

Answer Stats

HintAnswer% Correct
Boss that is fought in the underground mushroom biomeCrabulon
92%
New biome that is accessible after beating the Desert ScourgeSunken Sea
89%
Mini-boss found in the biome aboveGiant Clam
79%
New biome that is added after beating the Wall of FleshAstral Infection
76%
Spawns in the water of the sulphurous sea rarelyAquatic Scourge
73%
Drops the spawner for ProvidenceProfaned Guardians
66%
Boss fought inside the dungeon after Moon Lord is defeatedPolterghast
64%
Mode that makes enemies stronger and adds a rage meterReveangence
56%
Boss that was replaced by DragonfollyBumblebirb
51%
NPC trapped inside of CryogenArchmage
47%
Hardmode item dropped by ice enemiesEssence of Eleum
45%
Sword that uses the above to be madeTerratomere
40%
Name of the Perforators' themeBlood Coagulant
31%
Terra blade alternative made with the same materialsTerra Edge
30%
Expert mode drop from sand elementalsRare Elemental in a Bottle
20%

Score Distribution

Percentile by Number Answered

Percent of People with Each Score

Your Score History

You have not taken this quiz